书目信息 |
| 题名: |
街道与城镇的形成
|
|
| 作者: | 索斯沃斯 , 本-约瑟夫 著 ;李凌虹 译 | |
| 分册: | ||
| 出版信息: | 南京 江苏凤凰科学技术出版社 2018.02 |
|
| 页数: | 239页 | |
| 开本: | 23cm | |
| 丛书名: | 建筑学经典丛书 | |
| 单 册: | ||
| 中图分类: | TU984.191 | |
| 科图分类: | ||
| 主题词: | 城市道路--城市规划--研究 | |
| 电子资源: | ||
| ISBN: | 978-7-5537-9000-8 | |
| 000 | 01114oam2 2200277 450 | |
| 001 | 415 | |
| 005 | 20180927145243.21 | |
| 010 | @a978-7-5537-9000-8@dCNY59.80 | |
| 100 | @a20180612d2018 em y0chiy50 ea | |
| 101 | 1 | @achi@ceng |
| 102 | @aCN@b320000 | |
| 105 | @aa z 000yy | |
| 200 | 1 | @a街道与城镇的形成@9jie dao yu cheng zhen de xing cheng@f(美)迈克尔·索斯沃斯,(美)伊万·本-约瑟夫著@g李凌虹译 |
| 205 | @a修订版 | |
| 210 | @a南京@c江苏凤凰科学技术出版社@d2018.02 | |
| 215 | @a239页@c图@d23cm | |
| 225 | 1 | @a建筑学经典丛书 |
| 330 | @a本书将街道设计和布局这一理念追溯到早期工业时代的英国伦敦郊区,并描述了美国住房和交通规划的制度化,批评了当今人们所处的环境,并提出了一些解决方法以改善不受严格控制的情况,这些方法更灵活,也更适应当地的条件。 | |
| 461 | 0 | @12001 @a建筑学经典丛书 |
| 606 | 0 | @a城市道路@x城市规划@x研究 |
| 690 | @aTU984.191@v5 | |
| 701 | 0 | @c(美)@a索斯沃斯@9suo si wo si@c(Southworth, Michael)@4著 |
| 701 | 0 | @c(美)@a本-约瑟夫@9ben-yue se fu@c(Ben-Joseph, Eran)@4著 |
| 702 | 0 | @a李凌虹@9li ling hong@4译 |
| 801 | 0 | @aCN@b91MARC@c20180612 |
| 905 | @aMuseLib@dTU984.191@e1429=2 | |
| 街道与城镇的形成/(美)迈克尔·索斯沃斯,(美)伊万·本-约瑟夫著/李凌虹译.-修订版.-南京:江苏凤凰科学技术出版社,2018.02 |
| 239页:图;23cm.-(建筑学经典丛书) |
| ISBN 978-7-5537-9000-8:CNY59.80 |
| 本书将街道设计和布局这一理念追溯到早期工业时代的英国伦敦郊区,并描述了美国住房和交通规划的制度化,批评了当今人们所处的环境,并提出了一些解决方法以改善不受严格控制的情况,这些方法更灵活,也更适应当地的条件。 |
| ● |
| 相关链接 |
|
|
|
|
正题名:街道与城镇的形成
索取号:TU984.191/1429=2
 
预约/预借
| 序号 | 登录号 | 条形码 | 馆藏地/架位号 | 状态 | 备注 |
| 1 | 1119769 | 211197694 | 第二样本阅览室/ [索取号:TU984.191/1429=2] | 在馆 | |
| 2 | 1119770 | 211197701 | 第三借阅区/ [索取号:TU984.191/1429=2] | 在馆 | |
| 3 | 1119771 | 211197710 | 第三借阅区/ [索取号:TU984.191/1429=2] | 在馆 | |
| 4 | 1119772 | 211197729 | 第三借阅区/ [索取号:TU984.191/1429=2] | 在馆 | |
| 5 | 1119773 | 211197738 | 密集书库-资源管理系/ [索取号:TU984.191/1429=2] | 在馆 |